LEADER 01745nam 2200397 n 450 001 996390002303316 005 20200824121624.0 035 $a(CKB)4940000000098899 035 $a(EEBO)2240875268 035 $a(UnM)99826318e 035 $a(UnM)99826318 035 $a(EXLCZ)994940000000098899 100 $a19941207d1661 uy | 101 0 $aeng 135 $aurbn||||a|bb| 200 04$aThe vvorks of Mr Stephen Marshall$b[electronic resource]$elate minister of the Gospel at Finching-Field in Essex. And since at Ipswitch in Suffolk. The first part. Viz. I. Of Christ's intercession. And of sins of infirmity. II. The high priviledge of beleevers. They are the sons of God. III. Faith the only means spiritually to feed on Christ. IV. Of self-denial. V. The saints duty to keep their heart in a good frame, etc. VI. The mystery of spiritual life. Attested by Ralph Venning. Thomas Lye. Thomas Jacomb 210 $aLondon $cprinted by Peter Cole, and Edward Cole, printers and book-sellers, at the sign of the Printing-press in Cornhil near the Royal Exchange$d1661 215 $a[18], 152, 78, [2] p 300 $aThe final leaf is blank. 300 $aReproduction of the original in the Bodleian Library. 330 $aeebo-0014 606 $aFaith$vEarly works to 1800 606 $aChristian life$vEarly works to 1800 606 $aSermons, English$y17tn century 615 0$aFaith 615 0$aChristian life 615 0$aSermons, English 700 $aMarshall$b Stephen$f1594?-1655.$01001459 801 0$bCu-RivES 801 1$bCu-RivES 801 2$bCStRLIN 801 2$bWaOLN 906 $aBOOK 912 $a996390002303316 996 $aThe vvorks of Mr Stephen Marshall$92421256 997 $aUNISA